000 00790nam a2200229 i 4500
001 64573
003 ES-MaACL
005 20250901102123.0
007 t|
008 031229s1908 fr ||||1| fre d
100 1 _aFontana-Russo, Luigi.
_951593
245 1 0 _aTraité de politique commerciale /
_cpar L. Fontana-Russo ; traduit par Félix Poli.
260 _aParis :
_bV. Giard & E. Brière,
_c1908 (
_eSaint Amand :
_fBussière)
300 _a707 p. ;
_c23 cm.
490 1 _aBibliothèque internationale d'économie politique
650 0 7 _aEconomía
_2embne
_912006
650 0 7 _aComercio
_2embne
_911157
700 1 _aPoli, Félix.
_992815
830 0 0 _aBibliothèque internationale d'économie politique
_9181587
852 _aES-MaACL
_jF-14104
999 _c64573
_d64573